<?xml version="1.0" encoding="UTF-8"?>
<marc:record xmlns:marc="http://www.loc.gov/MARC21/slim">
   <marc:leader>00000nam a2200000 a 4500</marc:leader>
   <marc:datafield ind1="1" ind2=" " tag="100">
      <marc:subfield code="a">Brezina, Thomas</marc:subfield>
      <marc:subfield code="4">aut</marc:subfield>
      <marc:subfield code="e">Verfasser/-in</marc:subfield>
   </marc:datafield>
   <marc:datafield ind1="0" ind2="0" tag="245">
      <marc:subfield code="a">Ein Fall für dich und das Tiger-Team[37]. Das Piraten-Logbuch</marc:subfield>
   </marc:datafield>
   <marc:datafield ind1="0" ind2="0" tag="245">
      <marc:subfield code="b">Band 37</marc:subfield>
   </marc:datafield>
   <marc:datafield ind1="0" ind2="0" tag="245">
      <marc:subfield code="c">Brezina, Thomas</marc:subfield>
   </marc:datafield>
   <marc:datafield ind1="1" ind2=" " tag="490">
      <marc:subfield code="a">Ein Fall für dich und das Tiger-Team / Thomas Brezina</marc:subfield>
   </marc:datafield>
   <marc:datafield ind1="1" ind2=" " tag="520">
      <marc:subfield code="a">Das Tiger-Team hilft den Nachlass des verschrobenen Herrn Paparizzi zu entrümpeln und stößt dabei auf ein altes Logbuch! Schnell tauchen ein paar zwielichtige Gestalten auf, die hinter dem Buch her sind, denn angeblich verbirgt sich in den vergilbten Seiten ein Hinweis auf einen unsagbar wertvollen Schatz! Doch Biggi, Luk und Patrick finden schnell heraus, dass nicht alles Gold ist, was sich Piratenschatz nennt.</marc:subfield>
   </marc:datafield>
   <marc:datafield ind1=" " ind2=" " tag="020">
      <marc:subfield code="a">9783505125720</marc:subfield>
      <marc:subfield code="9">9783505125720</marc:subfield>
   </marc:datafield>
   <marc:datafield ind1=" " ind2=" " tag="020">
      <marc:subfield code="a">3505125725</marc:subfield>
      <marc:subfield code="9">3505125725</marc:subfield>
   </marc:datafield>
   <marc:datafield ind1=" " ind2=" " tag="041">
      <marc:subfield code="a">ger</marc:subfield>
   </marc:datafield>
   <marc:datafield ind1=" " ind2=" " tag="338">
      <marc:subfield code="a">Band</marc:subfield>
   </marc:datafield>
   <marc:datafield ind1=" " ind2=" " tag="300">
      <marc:subfield code="a">172 S. : zahlr. Ill.</marc:subfield>
   </marc:datafield>
</marc:record>
